• 首页
  • 本馆介绍
  • 公告通知
  • 最新文献
  • 馆藏检索
  • 电子资源
  • 读者导购
  • 参考咨询
  • 我的图书馆
  • 登录
  • 详细信息显示
  • 放入我的书架
  • 预约/预借图书
  • 作者相关作品
  • 分类相关作品
  • 丛书相关作品
  • 出版社相关作品

书目信息

  • 表格格式
  • 工作单格式
  • 卡片格式
题名:
厉行法治
    
 
作者: 唐中明 主编
分册:  
出版信息: 北京   光明日报出版社  2015
页数: 210页
开本: 24cm
丛书名:
单 册:
中图分类: D920.0
科图分类:
主题词: 社会主义法制--建设--研究--中国
电子资源:
ISBN: 978-7-5112-8043-5
000 00890nam0 2200229 450
001 340282
005 20150625104413.12
010    @a978-7-5112-8043-5@dCNY48.00
100    @a20150314d2015 em y0chiy0110 ea
101 0  @achi
102    @aCN@b110000
105    @ay z 000yy
106    @ar
200 1  @a厉行法治@Ali hang fa zhi@e法治建设目标及路径选择@f唐中明主编
210    @a北京@c光明日报出版社@d2015
215    @a210页@d24cm
330    @a本书共分7讲, 包括宪法学概述;完善法律体系, 加强宪法实施;深入推进依法行政, 加快建设法治政府;全民守法, 推进法治社会建设;深化司法体制改革, 提高司法公信力等。全书具有很强的政治性、理论性和较强的实践性、可读性;特别注重理论联系实际, 每讲附相关链接资料, 形式新颖。
606 0  @a社会主义法制@x建设@x研究@y中国
690    @aD920.0@v5
701  0 @a唐中明@Atang zhong ming@4主编
801  0 @aCN@b卓展宏图@c20150525
905    @dD920.0@e1261@f4
    
    厉行法治:法治建设目标及路径选择/唐中明主编.-北京:光明日报出版社,2015
    210页;24cm
    
    
    ISBN 978-7-5112-8043-5:CNY48.00
    本书共分7讲, 包括宪法学概述;完善法律体系, 加强宪法实施;深入推进依法行政, 加快建设法治政府;全民守法, 推进法治社会建设;深化司法体制改革, 提高司法公信力等。全书具有很强的政治性、理论性和较强的实践性、可读性;特别注重理论联系实际, 每讲附相关链接资料, 形式新颖。
●
相关链接 在E读中查询图书 在五车中查询图书 在当当中查询图书 在豆瓣中查询图书


正题名:厉行法治     索取号:D920.0/1261         预约/预借

序号 登录号 条形码 馆藏地/架位号 状态 备注
1 865050   208650501   第一样本阅览室/ [索取号:D920.0/1261] 在馆    
2 865051   208650510   密集书库-史法系/ [索取号:D920.0/1261] 在馆    
3 865052   208650529   第一借阅区/ [索取号:D920.0/1261] 在馆    
4 865053   208650538   第一借阅区/ [索取号:D920.0/1261] 在馆    
唐山师范学院图书馆 欢迎您!
大连网信软件有限公司© 版权所有